00890nam a2200217 a 450000100100000000500170001000800410002704000250006804100390009308200160013210000210014824000540016924501080022326000510033130000280038249000280041050000210043850400740045953401110053383000280064400002362620200930022347.0101215s1968 mx a r 001 0 spa d aDO-SdBNPbspacBNPHU17aspaheng2Código de idiomas MARC annnnbW534h1 aWeston, J. Fred,14aThe scope and methodology of finance.lEspañol.10aHorizonte y metodología de las finanzas /cJ. Fred Weston ; traducción de Carlos Villegas García. aMéxico :bHerrero Hermanos Sucesores,c1968. a179 p. :bil. ;c23 cm.1 aFundamentos de finanzas aIncluye índice aIncluye referencias bibliográficas y notas al pie de las páginas. pTítulo original en inglés:tThe scope and methodology of finance.cN. J., E.U.A. : Prentice Hall, 1966 0aFundamentos de finanzas